Statistics for Minecraft Mobs Quiz

Click here to take the quiz!

General Stats

  • This quiz has been taken 17 times
  • The average score is 8 of 10

Answer Stats

QuestionAnswer% Correct
How does Minecraft End?By Killing the Ender dragon
100%
Which is the most popular myth in Minecraft?Herobrine
100%
Who created Minecraft?Markus (Notch)
100%
Do lucky blocks really exist in vanilla Minecraft?No, they don't
94%
How does a witch forms?When a villager is struck by lightning
94%
How do you get a command block?/give @s command_block
88%
Which is the Most creative Edition of Minecraft?Java
81%
What was the runing running version of Minecraft during 2022?1.19
75%
Which is the most powerful mob in Minecraft?Warden
63%
Who is the king of Minecraft?PewDiePie
44%

Score Distribution

Percentile by Number Answered

Percent of People with Each Score

Your Score History

You have not taken this quiz